Protokoll Sechster Weltkongress der Kommunistischen Internationale (Titelsatznr. 29457)
[ MARC ]
| 000 -Satzkennung | |
|---|---|
| Kontrollfeld mit fester Länge | 00964nam a22002171cc4500 |
| 001 - Kontrollnummer | |
| Kontrollfeld | a987694134+Band1 |
| 003 - Kontrollnummer Identifier | |
| Kontrollfeld | RU-10907106 |
| 005 - Datum und Zeit der letzten Transaktion | |
| Kontrollfeld | 20221118094050.0 |
| 008 - Feld mit fester Länge zur physischen Beschreibung - Allgemeine Angaben | |
| Kontrollfeld mit fester Länge | 200615s1928 gw |||| 000u ger d |
| 035 ## - Systemkontrollnummer | |
| System-Kontrollnummer | a987694134 |
| 040 ## - Katalogisierungsquelle | |
| Übertragungsstelle | RU-10907106 |
| Original-Katalogisierungsstelle | RU-10907106 |
| Katalogisierungssprache | ger |
| 245 00 - Titel | |
| Titel | Protokoll Sechster Weltkongress der Kommunistischen Internationale |
| Zählung des Teils/der Abteilung eines Werkes | Band 1 |
| Titel eines Teils/einer Abteilung eines Werkes | Die internationale Lage und die Aufgaben der Komintern. Der Kampf gegen die imperialistische Kriegsgefahr |
| 246 12 - Titelvarianten | |
| Hauptsachtitel/Kurztitel | Protokoll Sechster Weltkongress der Kommunistischen Internationale : Moskau, 17. Juli-1. September 1928. Die internationale Lage und die Aufgaben der Komintern. Der Kampf gegen die imperialistische Kriegsgefahr |
| Zählung des Teils/der Abteilung eines Werkes | Band 1 |
| 264 ## - Produktion, Veröffentlichung, Distribution, Herstellung und Urheberrechtsvermerk | |
| Herstellungs-, Veröffentlichungs- Vertriebs-, Erzeugungsort | Hamburg : |
| Produzent, Herausgeber, Distributor, Hersteller | Verlag Carl Hoym Nachfolger, |
| Datum der Herstellung, der Veröffentlichung, des Vertriebs oder des Urheberschutzvermerks | 1928 |
| 300 ## - Physische Beschreibung | |
| Umfang | 813 Seiten |
| 610 ## - Nebeneintragung unter einem Schlagwort - Körperschaftsname | |
| Körperschafts- oder Gebietskörperschaftsname als Eintragungselement | Kommunistische Internationale. Congress |
| Koha-Normdatenidentnummer | 5924 |
| 648 #0 - Nebeneintragung unter einem Schlagwort - Zeitschlagwort | |
| Zeitschlagwort | 1928 |
| Koha-Normdatenidentnummer | 5925 |
| 651 ## - Nebeneintragung unter einem Schlagwort - Geografischer Name | |
| Geografischer Name | Sowjetunion |
| Koha-Normdatenidentnummer | 127 |
| 773 08 - Übergeordnete Einheit | |
| Datensatzkontrollnummer | a987694134 |
| Zählung und erste Seite | Band1 |
| 942 ## - Zusätzliche Felder (Koha) | |
| Koha-Medientyp | Monographien |
| Klassifikation oder Aufstellungssystematik | Andere/Generische Klassifikation |
| Ausgeschieden | Verloren | Klassifikation oder Aufstellungssystematik | Beschädigt | Nicht entleihbar | Heimatbibliothek | Aufenthaltsbibliothek | Aufstellungsort | Erwerbungsdatum | Inventarnummer | Signatur | Barcode | Letzte Aktivität | Preis gültig von | Koha-Medientyp |
|---|---|---|---|---|---|---|---|---|---|---|---|---|---|---|
| Andere/Generische Klassifikation | MWN Osteuropa | MWN Osteuropa | Lesesaal - 1 | 15/06/2020 | 20-01747 | W 62 B ej KI 6 (1) | E0040150790EEF0C | 16/03/2021 | 22/03/2021 | Monographien |